=LDR 00000nam 2200000 4500 =001 INLIS000000000009455 =005 20130612101238 =008 ***********************************Ind** =035 ##$$0010-061300000009455 =041 ##$$a Ind =082 ##$$a 792-095-982-3 =090 ##$$a 792-095-982-3, Sud - l =100 ##$$a Sudyarsana, Handung Kus =245 ##$$a Pangeran Timur, Handung Kus Sudyarsana =260 ##$$a 1988 $b Yokyakarta =300 ##$$a 80 hlm, ilus, 21 cm =650 ##$$a Teater =850 ##$$a NBPNMAT